| 000 | 00344nam a22001577a 4500 | ||
|---|---|---|---|
| 003 | SGT | ||
| 020 | _a9789354669439 | ||
| 082 |
_a611 _bH25C |
||
| 100 | _aCHAURASIA, BD | ||
| 245 | _aHUMAN ANATOMY; HEAD AND NECK VOL. 3 | ||
| 250 | _a10TH | ||
| 260 |
_aINDIA _bCBS PUB _c2025 |
||
| 300 | _a322 | ||
| 650 | _aHUMAN ANATOMY | ||
| 942 |
_2ddc _cBK |
||
| 999 |
_c33135 _d33135 |
||